2028 Election Click Quiz - Statistics

General Stats
  • This quiz has been taken 32 times
  • The average score is 40 of 51
Answer Stats
Hint Answer % Correct
California Kamala Harris
97%
Connecticut Kamala Harris
97%
Delaware Kamala Harris
97%
District of Columbia Kamala Harris
97%
Colorado Kamala Harris
93%
New Jersey Kamala Harris
93%
New Mexico Kamala Harris
93%
New York Kamala Harris
93%
Hawai'i Kamala Harris
90%
Illinois Kamala Harris
90%
Massachusetts Kamala Harris
90%
Rhode Island Kamala Harris
90%
Washington Kamala Harris
90%
Maine Kamala Harris
87%
Maryland Kamala Harris
87%
Minnesota Kamala Harris
87%
Vermont Kamala Harris
87%
Alabama Ron DeSantis
87%
Virginia Kamala Harris
83%
Arkansas Ron DeSantis
83%
Louisiana Ron DeSantis
83%
Missouri Ron DeSantis
83%
Wyoming Ron DeSantis
83%
Michigan Kamala Harris
80%
New Hampshire Kamala Harris
80%
Oregon Kamala Harris
80%
Alaska Ron DeSantis
80%
Idaho Ron DeSantis
80%
Indiana Ron DeSantis
80%
Kansas Ron DeSantis
80%
Kentucky Ron DeSantis
80%
Mississippi Ron DeSantis
80%
Montana Ron DeSantis
80%
Nebraska Ron DeSantis
80%
North Dakota Ron DeSantis
80%
Oklahoma Ron DeSantis
80%
South Dakota Ron DeSantis
80%
Tennessee Ron DeSantis
80%
Florida Ron DeSantis
77%
Utah Ron DeSantis
77%
Pennsylvania Kamala Harris
73%
Iowa Ron DeSantis
73%
South Carolina Ron DeSantis
73%
Ohio Ron DeSantis
70%
West Virginia Ron DeSantis
67%
Arizona Kamala Harris
63%
Georgia Kamala Harris
57%
North Carolina Ron DeSantis
50%
Nevada Ron DeSantis
33%
Wisconsin Ron DeSantis
30%
Texas Kamala Harris
23%
No matching quizzes found
Score Distribution
Percent of People with Each Score
Percentile by Number Answered
Your Score History
You have not taken this quiz